000 00394nam a22001457a 4500
003 OSt
005 20160727222404.0
008 160623b xxu||||| |||| 00| 0 eng d
040 _cTEST
100 _9790
_aColeman
245 _aPersonality Dynamics and Effective Behaviour
260 _aN.J
_b Scott Foresman & Com
_c1960
300 _aPersonality Dynamics and Effective Behaviour
942 _2ddc
_cBK
999 _c632
_d632